Statistics for Ultimate Hunger Games Characters Quiz

Click here to take the quiz!

General Stats

  • This quiz has been taken 19,044 times
    (19,000 since last reset)
  • The average score is 28 of 80

Answer Stats

ClueCharacter% Correct
The girl on fireKatniss Everdeen
99%
The boy with the breadPeeta Mellark
96%
Sister to ^Primrose Everdeen
96%
President of PanemCoriolanus Snow
92%
Katniss's hunting friendGale Hawthorne
92%
Young tribute Katniss makes an alliance withRue
90%
Katniss's and Peeta's drunken mentorHaymitch Abernathy
83%
Katniss's head stylistCinna
80%
Host of the Hunger Games InterviewsCaesar Flickerman
76%
District 2 male tribute, leader of Careers during 74th gamesCato
74%
Peppy District 12 chaperoneEffie Trinket
71%
Female tribute from District 5, poisoned by nightlockFoxface
71%
District 1 female tribute, killed by tracker jackersGlimmer
65%
District 4 tribute at the 75th games, favoured weapon is the tridentFinnick Odair
63%
Head gamemaker - 75th GamesPlutarch Heavensbee
63%
Male tribute from District 11 who lets Katniss liveThresh
63%
District 2 female tribute, skilled in knife throwing during 74th gamesClove
58%
Prim's catButtercup
55%
Female tribute from District 7, skilled in throwing axesJohanna Mason
55%
Head gamemaker - 74th GamesSeneca Crane
55%
President of District 13Alma Coin
54%
Gives Katniss the mockingjay pinMadge Undersee
54%
Male tribute from District 3 in 75th games, favoured weapon is wireBeetee
53%
Katniss's bodyguard in District 13, entrusts the Holo to herBoggs
51%
Crazy girl from District 4Annie Cresta
49%
District 1 male tribute who kills Rue with a spearMarvel
49%
A cook from the Hob in District 12, a friend to KatnissGreasy Sae
42%
Female tribute from District 4 who voluntarily kills herselfMags
42%
Female tribute from District 3, realised the landscape was a clockWiress
42%
Prim's goatLady
38%
Male tribute from District 2 in 75th games, known for his brutalityBrutus
37%
District 2 female tribute, famous for ripping out a tribute's throat with her teethEnobaria
33%
Whips Gale after becoming head peacekeeperRomulus Thread
32%
Pretty district 1 male tribute in the 75th gamesGloss
31%
District 1 female tribute in the 75th gamesCashmere
30%
Part of Katniss's prep teamOctavia
30%
Girl from District 8, escaped with TwillBonnie
27%
Peeta's stylistPortia
27%
Avox who leads the rebels under the CapitolPollux
25%
Part of Katniss's prep teamFlavius
24%
Two tributes from District 6 in the 75th games, sickly because of drug useMorphlings
24%
Woman who escaped District 8 during the uprising, about 35 years oldTwill
24%
Male tribute from District 11 for the 75th gamesChaff
23%
Camera man who filmed KatnissCastor
22%
Director of the District 13 TV program on KatnissCressida
21%
One of the youngest Peacekeepers in District 12, made into an AvoxDarius
21%
Hunger Games announcerClaudius Templesmith
20%
District 7 male tribute in 75th gamesBlight
19%
Leader of District 8 rebels, later becomes president of PanemCommander Paylor
18%
Gale's motherHazelle Hawthorne
18%
Second in command to BoggsJackson
18%
Female tribute from District 11 in the 75th gamesSeeder
18%
Madge's aunt who died during the 50th gamesMaysilee Donner
17%
Gale's sisterPosy Hawthorne
17%
Shelters the rebels in the CapitolTigris
17%
Part of Katniss's prep team, has a strong personality and able to hide her feelingsVenia
17%
A friend brought in to help Peeta sort out his memoriesDelly Cartwright
16%
Gale's brotherRory Hawthorne
16%
Star Squad solidier, killed by a pod, sister to belowLeeg 1
15%
Star Squad soldier, sister to aboveLeeg 2
15%
District 8 male tribute, said to be senile during the 75th gamesWoof
14%
District 8 female tribute in the 75th games, looks to be about 30 years oldCecelia
13%
Head Peacekeeper of District 12 before ThreadCray
13%
District 13 assistant TV directorMessalla
11%
Star Squad soldier from District 13, great at shooting long-district targetsMitchell
11%
Male tribute from District 6 from a past game, apparently went cannibalTitus
11%
Gale's brotherVick Hawthorne
11%
Ginger Avox girl who worked as Katniss's servant at the CapitalLavinia
10%
Commander of a District 2 rebellionLyme
10%
One-armed woman who sold white liquor at the HobRipper
10%
Plutarch's assistant, originally from the CapitalFulvia Cardew
9%
Star Squad soldier who testifies that Boggs entrusted the Holo to KatnissHomes
8%
District 10 refugeeDalton
7%
Katniss's doctorDr. Aurelius
7%
Butcher in District 12Rooba
7%
Coal miner from District 12, appears when Gale is being whippedBristel
5%
Katniss's neighbour from District 12, able to make it to District 13Leevy
5%
District 11 harvest worked, mentioned by Rue as having a mental disorderMartin
5%
A peacekeeper in District 12Purnia
5%
Male trainer at the archery station, helps Katniss prepare for the gamesTax
4%

Score Distribution

Percentile by Number Answered

Percent of People with Each Score

Your Score History

You have not taken this quiz since the last reset